Swami Vivekananda : (Record no. 97670)
[ view plain ]
| 000 -LEADER | |
|---|---|
| fixed length control field | 00777nam a22002297a 4500 |
| 005 - DATE AND TIME OF LATEST TRANSACTION | |
| control field | 20180410111456.0 |
| 010 ## - LCCN (DPL NO) | |
| LC control number | ENG-114229 B-690890-891 |
| 020 ## - INTERNATIONAL STANDARD BOOK NUMBER | |
| International Standard Book Number | 9789381234105 |
| Terms of availability | 425.00 |
| 035 ## - SYSTEM CONTROL NUMBER | |
| System control number | EN-97761 |
| 035 ## - SYSTEM CONTROL NUMBER | |
| System control number | B-690890-891 |
| 037 ## - SOURCE OF ACQUISITION | |
| Source of stock number/acquisition | DBAD/PUB |
| 037 ## - SOURCE OF ACQUISITION | |
| Source of stock number/acquisition | Pansy |
| 082 ## - DEWEY DECIMAL CLASSIFICATION NUMBER | |
| Classification number | 181.46 |
| 100 ## - MAIN ENTRY--PERSONAL NAME | |
| Personal name | Manoj Kumar Singh |
| 245 ## - TITLE STATEMENT | |
| Title | Swami Vivekananda : |
| Statement of responsibility, etc | by Manoj Kumar Singh |
| Remainder of title | his life and philosophy / |
| 260 ## - PUBLICATION, DISTRIBUTION, ETC. (IMPRINT) | |
| Place of publication, distribution, etc | Delhi |
| Name of publisher, distributor, etc | Ankit Publications |
| Date of publication, distribution, etc | 2012 |
| 270 ## - ADDRESS | |
| Address | R-69, Model Town-III |
| City | Delhi |
| Postal code | 110009 |
| 300 ## - PHYSICAL DESCRIPTION | |
| Extent | 148p. |
| Dimensions | 22cm(Hb) |
| 500 ## - GENERAL NOTE | |
| General note | Balidani |
| 942 ## - ADDED ENTRY ELEMENTS (KOHA) | |
| Source of classification or shelving scheme | Dewey Decimal Classification |
| Item type | English Books |
| Call number suffix | MAN |
| Classification part | 181.46 |
| Withdrawn status | Lost status | Not for loan | Collection code | Home library | Current library | Date acquired | Source of acquisition | Cost, normal purchase price | Full call number | Barcode | Copy number | Cost, replacement price | Koha item type | Public note |
|---|---|---|---|---|---|---|---|---|---|---|---|---|---|---|
| Non-fiction | Central Library | Central Library | 10/04/2018 | Pansy 1721/05.03.2018/795/19.02.2018/12.03.2018 | 425.00 | 181.46 MAN | B-690890 | 1 | 425.00 | English Books | Balidani | |||
| Not For Loan | Non-fiction | D.B.Act.Division | D.B.Act.Division | 06/10/2015 | DBAD/PUB | 425.00 | 181.46 MAN | EN-97761 | 1 | 425.00 | English Books | |||
| Non-fiction | Sarojini Nagar | Sarojini Nagar | 10/04/2018 | Pansy 1721/05.03.2018/795/19.02.2018/12.03.2018 | 425.00 | 181.46 MAN | B-690891 | 1 | 425.00 | English Books | Balidani |
